| 000 | 00309nam a22001097a 4500 | ||
|---|---|---|---|
| 008 | 230704b xxu||||| |||| 00| 0 eng d | ||
| 082 |
_a342.07 _bMUT 1983 |
||
| 245 |
_a1979 Election Petition Judgement _bDaniel Mutinda |
||
| 260 |
_aNairobi _bStellascope Publishing Co Ltd _c1983 |
||
| 300 | _a39p | ||
| 942 |
_2ddc _cBK |
||
| 999 |
_c3635 _d3635 |
||